[Event "Osijek op"]
[Site "Osijek"]
[Date "2004.02.07"]
[Round "9"]
[White "Lovakovic, Franjo"]
[Black "Zubrinic, Tomislav"]
[Result "1-0"]
[WhiteElo "2035"]
[BlackElo "1600"]
[PlyCount "66"]
[EventDate "2004.01.??"]
[EventType "swiss"]
[EventRounds "9"]
[EventCountry "CRO"]
[SourceTitle "EXT 2005"]
[Source "ChessBase"]
[SourceDate "2004.11.15"]
[SourceVersion "1"]
[SourceVersionDate "2004.11.15"]
[SourceQuality "1"]

1. e4 c5 2. Nf3 Nc6 3. d4 cxd4 4. Nxd4 e5 5. Nxc6 bxc6 6. Nc3 Nf6 7. Bg5 Be7 8. Bxf6 Bxf6 9. Bc4 Qb6 10. Bb3 Ba6 11. Qf3 0-0 12. 0-0-0 Qc7 13. Kb1 Bb7 14. h4 Rad8 15. g4 h6 16. Qe3 g5 17. h5 a5 18. Ne2 d5 19. f3 d4 20. Qf2 c5 21. Bc4 Qb6 22. c3 Rb8 23. Rd2 Bc6 24. cxd4 cxd4 25. Rc1 a4 26. Qf1 a3 27. b3 Be7 28. Qf2 Bb4 29. Rd3 Bb5 30. Rdd1 Rfc8 31. Bd5 Qa6 32. Rxc8+ Rxc8 33. Nc1 Rc3 1-0

[Event "Osijek op"]
[Site "Osijek"]
[Date "2004.02.06"]
[Round "7"]
[White "Vurdelja, Slavko"]
[Black "Zubrinic, Tomislav"]
[Result "1-0"]
[WhiteElo "1982"]
[BlackElo "1600"]
[PlyCount "59"]
[EventDate "2004.01.??"]
[EventType "swiss"]
[EventRounds "9"]
[EventCountry "CRO"]
[SourceTitle "EXT 2005"]
[Source "ChessBase"]
[SourceDate "2004.11.15"]
[SourceVersion "1"]
[SourceVersionDate "2004.11.15"]
[SourceQuality "1"]

1. e4 e5 2. Nf3 d6 3. d4 exd4 4. Nxd4 Nf6 5. Nc3 b6 6. Bg5 Be7 7. Bd3 Bb7 8. 0-0 0-0 9. Nf5 Nbd7 10. f4 Bc8 11. Qe1 Nc5 12. Nxe7+ Qxe7 13. e5 dxe5 14. fxe5 Nxd3 15. cxd3 Qc5+ 16. Kh1 Ng4 17. Bf4 Re8 18. Qg3 Bd7 19. Rae1 f6 20. Ne4 Qc6 21. d4 Kh8 22. h3 f5 23. Nc3 Nh6 24. d5 Qg6 25. e6 Qxg3 26. Bxg3 Bc8 27. Bxc7 Ng8 28. Rxf5 Nf6 29. Bg3 Nxd5 30. Rxd5 1-0

[Event "Osijek op"]
[Site "Osijek"]
[Date "2004.02.04"]
[Round "5"]
[White "Zubrinic, Tomislav"]
[Black "Pavlovic, Vladimir"]
[Result "1-0"]
[WhiteElo "1600"]
[BlackElo "1923"]
[PlyCount "125"]
[EventDate "2004.01.??"]
[EventType "swiss"]
[EventRounds "9"]
[EventCountry "CRO"]
[SourceTitle "EXT 2005"]
[Source "ChessBase"]
[SourceDate "2004.11.15"]
[SourceVersion "1"]
[SourceVersionDate "2004.11.15"]
[SourceQuality "1"]

1. e4 d5 2. exd5 Nf6 3. Nf3 Nxd5 4. Bc4 Nb6 5. Bb3 e6 6. d4 Nc6 7. 0-0 Be7 8. Bf4 Na5 9. c3 Nxb3 10. Qxb3 0-0 11. Nbd2 Bd7 12. Qc2 Rc8 13. Rad1 Nd5 14. Be3 Nxe3 15. fxe3 c5 16. Ne4 cxd4 17. exd4 Bc6 18. Ng3 Qa5 19. Ne2 Bf6 20. Qb1 Bb5 21. Rf2 Rfd8 22. Ng3 Bc4 23. a3 Qd5 24. Ne4 Be7 25. Ne5 f5 26. Nxc4 Qxc4 27. Ng3 a5 28. Qd3 Qxd3 29. Rxd3 Bh4 30. Re2 Bxg3 31. Rxg3 b5 32. Rxe6 b4 33. axb4 axb4 34. Re5 bxc3 35. bxc3 g6 36. Rxf5 Rxc3 37. Rxc3 gxf5 38. Rd3 Rd5 39. Kf2 Kf7 40. Kf3 Ke6 41. Kf4 Kf6 42. h3 h5 43. h4 Kg6 44. Ke3 Kf6 45. g3 Kg6 46. Rc3 Rd6 47. Rc8 Kf7 48. Rh8 Rg6 49. Kf3 Rg4 50. Rxh5 Kg6 51. Rg5+ Rxg5 52. hxg5 Kxg5 53. d5 Kg6 54. Kf4 Kf6 55. d6 Ke6 56. d7 Kxd7 57. Kxf5 Ke7 58. Kg6 Kf8 59. Kh7 Kf7 60. g4 Kf6 61. Kh6 Kf7 62. g5 Kf8 63. Kh7 1-0

[Event "Osijek op"]
[Site "Osijek"]
[Date "2004.02.02"]
[Round "3"]
[White "Vukosavljevic, Ljubinko"]
[Black "Zubrinic, Tomislav"]
[Result "1-0"]
[WhiteElo "2014"]
[BlackElo "1600"]
[PlyCount "43"]
[EventDate "2004.01.??"]
[EventType "swiss"]
[EventRounds "9"]
[EventCountry "CRO"]
[SourceTitle "EXT 2005"]
[Source "ChessBase"]
[SourceDate "2004.11.15"]
[SourceVersion "1"]
[SourceVersionDate "2004.11.15"]
[SourceQuality "1"]

1. e4 e5 2. Nf3 Nc6 3. Bb5 f6 4. Bxc6 dxc6 5. Nxe5 Qe7 6. Nd3 Qxe4+ 7. Kf1 Bd6 8. Nc3 Qg6 9. Ne1 Ne7 10. d3 0-0 11. Ne4 b6 12. Nf3 Bb7 13. Nh4 Qf7 14. Be3 Ng6 15. Nf5 Rad8 16. Qg4 Kh8 17. h4 Rg8 18. h5 Ne7 19. Nh4 f5 20. Ng6+ Nxg6 21. hxg6 h6 22. Bxh6 1-0

[Event "Osijek op"]
[Site "Osijek"]
[Date "2004.01.31"]
[Round "1"]
[White "Zovko, Mario"]
[Black "Zubrinic, Tomislav"]
[Result "1-0"]
[WhiteElo "2101"]
[BlackElo "1600"]
[PlyCount "51"]
[EventDate "2004.01.??"]
[EventType "swiss"]
[EventRounds "9"]
[EventCountry "CRO"]
[SourceTitle "EXT 2005"]
[Source "ChessBase"]
[SourceDate "2004.11.15"]
[SourceVersion "1"]
[SourceVersionDate "2004.11.15"]
[SourceQuality "1"]

1. e4 e5 2. Nf3 Nc6 3. Nc3 Nf6 4. d4 Bd6 5. Bg5 0-0 6. Nd5 Be7 7. Nxe7+ Qxe7 8. d5 Qb4+ 9. Nd2 Nxe4 10. c3 Nxc3 11. bxc3 Qxc3 12. dxc6 Qxc6 13. Rc1 Qg6 14. Bh4 c6 15. Bg3 Re8 16. Be2 d5 17. 0-0 Qe6 18. Qc2 f5 19. f3 f4 20. Bf2 g5 21. Rfe1 Re7 22. Bd3 Qf6 23. Bc5 Rg7 24. Qb2 b6 25. Rxe5 Be6 26. Bd4 1-0